000 00426cam a2200181u 4500
001 9287322
005 20180212041234.0
008 810223s1947 nyu d 000 0 eng
010 _a 48000010
040 _aDLC
_cCarP
_dDLC
041 _aeng
080 _a038
100 _a23
101 _aFJA
245 1 4 _aThe American college dictionary,
906 _a0
_bcbc
_cpremunv
_du
_encip
_f19
_gy-gencatlg
942 _2ddc
_cBK
999 _c42311
_d42311